| Tag |
First Indicator |
Second Indicator |
Subfields |
| LEADER |
00000cam a2200000 a 4500 |
| 001 |
in00000005667 |
| 007 |
he bmb024bbca |
| 008 |
990722s1998 dcua bb f000 0 eng c |
| 005 |
20230331144153.7 |
| 035 |
|
|
|a (OCoLC)ocm41941120
|
| 035 |
|
|
|9 AJJ6443AM
|
| 035 |
|
|
|a in00000005667
|
| 037 |
|
|
|a 161076
|b GAO (202) 512-6000 (Voice); (202) 512-6061 (Fax)
|f paper copy
|
| 040 |
|
|
|a GPO
|c GPO
|d DLC
|d MvI
|d UtOrBLW
|
| 042 |
|
|
|a pcc
|
| 043 |
|
|
|a n-us---
|
| 049 |
|
|
|a UMIC
|
| 049 |
|
|
|a WWW
|
| 074 |
|
|
|a 0546-D (MF)
|
| 074 |
|
|
|a 0546-D (online)
|
| 086 |
0 |
|
|a GA 1.13:NSIAD-98-213
|
| 088 |
|
|
|a GAO/NSIAD-98-213
|
| 088 |
|
|
|a B-280587
|
| 110 |
1 |
|
|a United States.
|b General Accounting Office.
|
| 245 |
1 |
0 |
|a Military attrition :
|b better data, coupled with policy changes, could help the services reduce early separations : report to the chairman and the ranking minority member, Subcommittee on Personnel, Committee on Armed Services, U.S. Senate /
|c United States General Accounting Office.
|
| 246 |
3 |
0 |
|a Better data, coupled with policy changes, could help the services reduce early separations
|
| 264 |
|
1 |
|a Washington, D.C. (P.O. Box 37050, Washington, D.C. 20013) :
|b The Office,
|c [1998]
|
| 300 |
|
|
|a 75 pages :
|b illustrations ;
|c 28 cm.
|
| 336 |
|
|
|a text
|b txt
|2 rdacontent
|
| 337 |
|
|
|a microform
|b h
|2 rdamedia
|
| 338 |
|
|
|a microfiche
|b he
|2 rdacarrier
|
| 500 |
|
|
|a Cover title.
|
| 500 |
|
|
|a Shipping list number: 99-0670-M.
|
| 500 |
|
|
|a "September 1998."
|
| 504 |
|
|
|a Includes bibliographical references.
|
| 500 |
|
|
|a "GAO/NSIAD-98-213."
|
| 500 |
|
|
|a "B-280587"--P. [1].
|
| 533 |
|
|
|a Microfiche.
|b [Washington, D.C.] :
|c U.S. General Accounting Office,
|d [1999?]
|e 1 microfiche : negative.
|
| 530 |
|
|
|a Also available via Internet from the GPO Access web site. Address as of 12/20/01: http://frwebgate.access.gpo.gov/cgi-bin/getdoc.cgi?dbname=gao&docid=f:ns98213.pdf; current access is available via PURL.
|
| 500 |
|
|
|a Microform.
|
| 651 |
|
0 |
|a United States
|x Armed Forces
|x Recruiting, enlistment, etc.
|
| 856 |
4 |
1 |
|u https://purl.fdlp.gov/GPO/LPS16533
|z Adobe Acrobat Reader required
|t 0
|
| 999 |
|
|
|a MARS
|
| 999 |
f |
f |
|i 05969868-f50b-3c39-8573-588586b9435f
|s 76d5e645-331f-3d76-86fc-fb134657d8da
|t 0
|
| 952 |
f |
f |
|p normal
|a Texas A&M University
|b College Station
|c Sterling C. Evans Library
|d Evans: US Documents Microfiche (3rd floor)
|t 0
|e GA 1.13:NSIAD-98-213
|h Superintendent of Documents classification
|i microform -- microfiche
|m A14824283376
|
| 952 |
f |
f |
|a Texas A&M University
|b College Station
|c Electronic Resources
|d Available Online
|t 0
|e GA 1.13:NSIAD-98-213
|h Superintendent of Documents classification
|
| 998 |
f |
f |
|a GA 1.13:NSIAD-98-213
|t 0
|l Evans: US Documents Microfiche (3rd floor)
|
| 998 |
f |
f |
|a GA 1.13:NSIAD-98-213
|t 0
|l Available Online
|